000
00236nam a2200097Ia 4500
008
190216s9999||||xx |||||||||||||| ||und||
100
_a
Dharmaveer Bharathy
245
0
_a
Hindi-Pusth Namem
260
_b
Prabhakar Publications
942
_c
BK
999
_c
15377
_d
15377